The future of management / (Record no. 990)

000 -LEADER
fixed length control field 01976nam a22004217a 4500
001 - CONTROL NUMBER
control field 14823558
003 - CONTROL NUMBER IDENTIFIER
control field OSt
005 - DATE AND TIME OF LATEST TRANSACTION
control field 20210426113310.0
008 - FIXED-LENGTH DATA ELEMENTS--GENERAL INFORMATION
fixed length control field 070426s2007 maua b 001 0 eng
010 ## - LIBRARY OF CONGRESS CONTROL NUMBER
LC control number 2007017286
020 ## - INTERNATIONAL STANDARD BOOK NUMBER
International Standard Book Number 9781422102503 (hbk. : alk. paper)
020 ## - INTERNATIONAL STANDARD BOOK NUMBER
International Standard Book Number 1422102505
035 ## - SYSTEM CONTROL NUMBER
System control number (OCoLC)ocn123818312
040 ## - CATALOGING SOURCE
Original cataloging agency DLC
Transcribing agency DLC
Modifying agency BAKER
-- BTCTA
-- C#P
-- BWX
-- YDXCP
-- DLC
Language of cataloging eng
041 ## - LANGUAGE CODE
Language code of text/sound track or separate title eng
050 00 - LIBRARY OF CONGRESS CALL NUMBER
Classification number HD31
Item number .H25 2007
080 ## - UNIVERSAL DECIMAL CLASSIFICATION NUMBER
Universal Decimal Classification number 005
Item number H-20
082 00 - DEWEY DECIMAL CLASSIFICATION NUMBER
Classification number 658
Edition number 22
100 1# - MAIN ENTRY--PERSONAL NAME
Personal name Hamel, Gary.
245 14 - TITLE STATEMENT
Title The future of management /
Statement of responsibility, etc. Gary Hamel ; with Bill Breen.
Remainder of title / by: Harvard Business School Press
260 ## - PUBLICATION, DISTRIBUTION, ETC.
Place of publication, distribution, etc. Boston, Mass.
Name of publisher, distributor, etc. Harvard Business School Press
Date of publication, distribution, etc. c2007.
300 ## - PHYSICAL DESCRIPTION
Extent xiv, 272 p. :
Other physical details ill.
Dimensions 25 cm.
365 ## - TRADE PRICE
Price amount 26.95 usd
504 ## - BIBLIOGRAPHY, ETC. NOTE
Bibliography, etc. note Includes bibliographical references (p. 257-263) and index.
505 0# - FORMATTED CONTENTS NOTE
Formatted contents note The end of management? -- The ultimate advantage -- An agenda for management innovation -- Creating a community of purpose -- Building an innovation democracy -- Aiming for an evolutionary advantage -- Escaping the shackles -- Embracing new principles -- Learning from the fringe -- Becoming a management innovator -- Building the future of management.
650 #0 - SUBJECT ADDED ENTRY--TOPICAL TERM
Topical term or geographic name entry element Management.
650 #0 - SUBJECT ADDED ENTRY--TOPICAL TERM
Topical term or geographic name entry element Technological innovations
General subdivision Management.
650 #0 - SUBJECT ADDED ENTRY--TOPICAL TERM
Topical term or geographic name entry element Knowledge management.
653 ## - INDEX TERM--UNCONTROLLED
Uncontrolled term მართვა
700 ## - ADDED ENTRY--PERSONAL NAME
9 (RLIN) 706
Personal name Breen, Bill
856 41 - ELECTRONIC LOCATION AND ACCESS
Materials specified Table of contents only
Uniform Resource Identifier <a href="http://www.loc.gov/catdir/toc/ecip0716/2007017286.html">http://www.loc.gov/catdir/toc/ecip0716/2007017286.html</a>
856 42 - ELECTRONIC LOCATION AND ACCESS
Materials specified Contributor biographical information
Uniform Resource Identifier <a href="http://www.loc.gov/catdir/enhancements/fy1310/2007017286-b.html">http://www.loc.gov/catdir/enhancements/fy1310/2007017286-b.html</a>
856 42 - ELECTRONIC LOCATION AND ACCESS
Materials specified Publisher description
Uniform Resource Identifier <a href="http://www.loc.gov/catdir/enhancements/fy1311/2007017286-d.html">http://www.loc.gov/catdir/enhancements/fy1311/2007017286-d.html</a>
906 ## - LOCAL DATA ELEMENT F, LDF (RLIN)
a 7
b cbc
c orignew
d 1
e ecip
f 20
g y-gencatlg
942 ## - ADDED ENTRY ELEMENTS (KOHA)
Source of classification or shelving scheme
Koha item type Books
Holdings
Withdrawn status Lost status Source of classification or shelving scheme Damaged status Not for loan Permanent location Current location Date acquired Inventory number Total Checkouts Full call number Barcode Date last seen Price effective from Koha item type
          Ken Walker International University Ken Walker International University 01/27/2021 2478   005 H-20 2478 01/27/2021 01/27/2021 Books

Powered by Koha